000 005450000a22001930004500
020 _a84-293-1344-3
041 0 _aSPA
082 0 4 _aG 282.092 F6991h
100 1 _aFord, Michael
245 1 0 _aHenri Nouwen : El profeta herido / Michael Ford ; Milagros Amado Mier, Traductor
260 _aSantader, España : Sal Terrae
300 _a302 Pag
500 _aTitulo original : Wounded prophet
001 8663
942 _cBK
999 _c38797
_d38797
336 _atexto
_btxt
_2rdacontent
337 _2rdamedia
_asin mediación
_bn
338 _2rdacarrier
_avolumen
_bnc